[Event "ENG-ch Chessable"]
[Site "Kenilworth"]
[Date "2023.05.28"]
[Round "6"]
[White "Gordon, Sean"]
[Black "Boswell, Jacob Connor"]
[Result "0-1"]
[WhiteElo "1791"]
[BlackElo "2119"]
[PlyCount "104"]
[EventDate "2023.05.26"]
[EventType "swiss"]
[EventRounds "7"]
[EventCountry "ENG"]
[SourceTitle "CBM 214 Extra"]
[Source "ChessBase"]
[SourceDate "2023.07.31"]
[SourceVersion "1"]
[SourceVersionDate "2023.07.31"]
[SourceQuality "1"]

1. c4 c5 2. Nf3 Nc6 3. Nc3 e5 4. g3 d6 5. Bg2 g6 6. d3 Bg7 7. 0-0 Nge7 8. a3 0-0 9. Rb1 a5 10. Bg5 f6 11. Bd2 Be6 12. Qc1 Qd7 13. Bh6 Bxh6 14. Qxh6 Bg4 15. h3 Be6 16. Kh2 Kh8 17. Qd2 Nd4 18. Nxd4 cxd4 19. Nd5 Nxd5 20. cxd5 Bf7 21. e4 Kg7 22. f4 Qe7 23. Rbc1 Be8 24. fxe5 dxe5 25. h4 Qd6 26. Bh3 Bd7 27. Rc2 Bxh3 28. Kxh3 Rf7 29. Qc1 Raf8 30. Rcf2 Qd7+ 31. Kh2 Rc8 32. Rc2 Rcf8 33. Rcf2 a4 34. Kg2 h6 35. h5 f5 36. hxg6 Kxg6 37. Rh1 f4 38. Rf3 h5 39. Qd1 Qg4 40. Rh4 Qg5 41. Kh3 Kh6 42. g4 Rh8 43. Rxh5+ Kg7 44. Rxh8 Kxh8 45. Kg2 Qxg4+ 46. Kf2 Rh7 47. Qg1 Qh4+ 48. Ke2 Rg7 49. Qf2 Qh1 50. Qf1 Rg2+ 51. Rf2 f3+ 52. Kxf3 Rg1+ 0-1

[Event "ENG-ch Chessable"]
[Site "Kenilworth"]
[Date "2023.05.28"]
[Round "5"]
[White "Mikalajunas, Kajus"]
[Black "Gordon, Sean"]
[Result "1/2-1/2"]
[WhiteElo "1828"]
[BlackElo "1791"]
[PlyCount "78"]
[EventDate "2023.05.26"]
[EventType "swiss"]
[EventRounds "7"]
[EventCountry "ENG"]
[SourceTitle "CBM 214 Extra"]
[Source "ChessBase"]
[SourceDate "2023.07.31"]
[SourceVersion "1"]
[SourceVersionDate "2023.07.31"]
[SourceQuality "1"]

1. e4 c5 2. c3 Nf6 3. e5 Nd5 4. d4 cxd4 5. cxd4 d6 6. Nf3 Nc6 7. Bc4 dxe5 8. Nxe5 e6 9. 0-0 Be7 10. Qf3 0-0 11. Nxc6 bxc6 12. Rd1 Qb6 13. b3 Ba6 14. Na3 Bf6 15. Nc2 Rfd8 16. Ba3 Rd7 17. Bc5 Qb7 18. Qd3 Bxc4 19. bxc4 Nb6 20. Rab1 Qa6 21. Bxb6 axb6 22. Nb4 Qc8 23. Qe4 c5 24. Nc6 Rxa2 25. Rxb6 Bxd4 26. Rdb1 g6 27. Rb8 Qxb8 28. Rxb8+ Kg7 29. h4 Bxf2+ 30. Kh2 Rd1 31. Qe5+ Kh6 32. Rb3 Bg1+ 33. Kh3 Bf2 34. Kg4 Rh1 35. Rh3 f5+ 36. Kf4 Re1 37. Qf6 Re4+ 38. Kf3 Re3+ 39. Kf4 Re4+ 1/2-1/2

[Event "Daventry 4NCL Easter op-A 3rd"]
[Site "Daventry"]
[Date "2023.04.09"]
[Round "4"]
[White "Gordon, Sean"]
[Black "James, Russell A"]
[Result "0-1"]
[WhiteElo "1753"]
[BlackElo "2068"]
[PlyCount "56"]
[EventDate "2023.04.07"]
[EventType "swiss"]
[EventRounds "7"]
[EventCountry "ENG"]
[SourceTitle "CBM 213 Extra"]
[Source "ChessBase"]
[SourceDate "2023.05.31"]
[SourceVersion "1"]
[SourceVersionDate "2023.05.31"]
[SourceQuality "1"]

1. c4 g6 2. Nc3 Nf6 3. e4 e5 4. Nf3 Bg7 5. Nxe5 0-0 6. f4 Re8 7. d3 b5 8. cxb5 d5 9. Be2 Bb7 10. Bf3 dxe4 11. dxe4 Qxd1+ 12. Kxd1 a6 13. Re1 axb5 14. Nxb5 Na6 15. Bd2 Rad8 16. Kc2 Bh6 17. g3 Rxe5 18. Bc3 Rxb5 19. Bxf6 Rc5+ 20. Bc3 Bg7 21. Rad1 Re8 22. Kb3 Bxc3 23. bxc3 Bc6 24. c4 Ra5 25. Ra1 Rb8+ 26. Kc2 Ra3 27. Bd1 Nc5 28. e5 Nd3 0-1

[Event "Daventry 4NCL Easter op-A 3rd"]
[Site "Daventry"]
[Date "2023.04.08"]
[Round "2"]
[White "Gordon, Sean"]
[Black "Khoury, Theo"]
[Result "0-1"]
[WhiteElo "1753"]
[BlackElo "2020"]
[PlyCount "120"]
[EventDate "2023.04.07"]
[EventType "swiss"]
[EventRounds "7"]
[EventCountry "ENG"]
[SourceTitle "CBM 213 Extra"]
[Source "ChessBase"]
[SourceDate "2023.05.31"]
[SourceVersion "1"]
[SourceVersionDate "2023.05.31"]
[SourceQuality "1"]

1. Nf3 d5 2. g3 Nd7 3. d4 Nb6 4. Bg2 Bf5 5. 0-0 Nf6 6. b3 e6 7. a4 a5 8. Nbd2 Be7 9. Bb2 Ne4 10. Ne5 h5 11. h3 Bd6 12. Nxe4 dxe4 13. Nc4 Nxc4 14. bxc4 c6 15. d5 exd5 16. cxd5 c5 17. Qd2 f6 18. c4 b6 19. Qe3 0-0 20. f3 Qd7 21. g4 hxg4 22. fxg4 Bg6 23. Bc3 Bc7 24. Qf2 Qd6 25. Bh1 e3 26. Qg2 Be4 27. Rf3 Bxf3 28. exf3 Qf4 29. Qe2 Be5 30. Rc1 Qg3+ 31. Bg2 Qh2+ 32. Kf1 Bf4 33. Ke1 Rfe8 34. Kd1 Qg1+ 35. Kc2 Qf2 36. Bf1 Kf7 37. Kd3 g6 38. Rb1 Rab8 39. Be1 Qg1 40. Rb2 f5 41. Qg2 Qxg2 42. Bxg2 fxg4 43. fxg4 e2 44. Rxe2 Rxe2 45. Kxe2 Re8+ 46. Kf2 Bg3+ 47. Kxg3 Rxe1 48. h4 Rc1 49. d6 Ke6 50. h5 Rc3+ 51. Kh4 gxh5 52. Kxh5 Kxd6 53. Bd5 Rh3+ 54. Kg6 b5 55. axb5 a4 56. Be4 a3 57. Bb1 Rb3 58. Ba2 Rb2 59. g5 Rxa2 60. Kf7 Rf2+ 0-1

[Event "Witney op-A 9th"]
[Site "Witney"]
[Date "2022.11.06"]
[Round "4"]
[White "Handley, Michael R"]
[Black "Gordon, Sean"]
[Result "1/2-1/2"]
[WhiteElo "1924"]
[BlackElo "1804"]
[PlyCount "75"]
[EventDate "2022.11.05"]
[EventType "swiss"]
[EventRounds "5"]
[EventCountry "ENG"]
[SourceTitle "CBM 211 Extra"]
[Source "ChessBase"]
[SourceDate "2023.01.31"]
[SourceVersion "1"]
[SourceVersionDate "2023.01.31"]
[SourceQuality "1"]

1. d4 d5 2. c4 c6 3. cxd5 cxd5 4. Bf4 Nc6 5. e3 Nf6 6. Nc3 a6 7. Bd3 Bg4 8. Nge2 e6 9. Rc1 Bd6 10. Qb3 Na5 11. Qc2 0-0 12. h3 Bxe2 13. Nxe2 Bb4+ 14. Nc3 Rc8 15. 0-0 Bxc3 16. bxc3 Nc4 17. Bg5 h6 18. Bh4 g5 19. Bg3 Ne4 20. Bh2 f5 21. Rfe1 Ned6 22. Qe2 Qf6 23. f3 e5 24. e4 dxe4 25. fxe4 f4 26. Kh1 Rfe8 27. Bg1 Qg6 28. a4 h5 29. Rb1 b5 30. axb5 axb5 31. Rxb5 Ne3 32. Rc5 exd4 33. cxd4 Rxc5 34. dxc5 Nxe4 35. Qa2+ Qf7 36. Qxf7+ Kxf7 37. Bxe3 fxe3 38. Bxe4 1/2-1/2

[Event "Witney op-A 9th"]
[Site "Witney"]
[Date "2022.11.06"]
[Round "5"]
[White "Zakarian, Dimitrios Levon"]
[Black "Gordon, Sean"]
[Result "0-1"]
[WhiteElo "1911"]
[BlackElo "1804"]
[PlyCount "88"]
[EventDate "2022.11.05"]
[EventType "swiss"]
[EventRounds "5"]
[EventCountry "ENG"]
[SourceTitle "CBM 211 Extra"]
[Source "ChessBase"]
[SourceDate "2023.01.31"]
[SourceVersion "1"]
[SourceVersionDate "2023.01.31"]
[SourceQuality "1"]

1. d4 d5 2. Nf3 Nf6 3. c4 c6 4. Qc2 dxc4 5. Qxc4 b5 6. Qd3 Bb7 7. g3 e6 8. Bg2 Nbd7 9. 0-0 a6 10. Rd1 c5 11. dxc5 Bxc5 12. Be3 0-0 13. Nbd2 Bxe3 14. Qxe3 Qb6 15. Qxb6 Nxb6 16. Ne5 Bxg2 17. Kxg2 Rac8 18. Rac1 Rfd8 19. Ndf3 Rxd1 20. Rxd1 Nbd5 21. Ng5 h6 22. Ngxf7 Rc2 23. Kf3 Rxb2 24. Rc1 Ne7 25. Rc7 Nfd5 26. Rd7 g5 27. e4 g4+ 28. Nxg4 Kxf7 29. exd5 exd5 30. Nxh6+ Ke6 31. Rb7 Rxa2 32. h4 d4 33. Ke4 Nc6 34. f4 Re2+ 35. Kd3 Re3+ 36. Kd2 Rxg3 37. f5+ Ke5 38. Rb6 Rg2+ 39. Kd1 Nb4 40. Re6+ Kd5 41. Nf7 Rh2 42. Ng5 Rxh4 43. f6 Rf4 44. f7 Rxf7 0-1

[Event "Witney op-A 9th"]
[Site "Witney"]
[Date "2022.11.05"]
[Round "3"]
[White "Gordon, Sean"]
[Black "Hobson, Kenneth"]
[Result "1-0"]
[WhiteElo "1804"]
[BlackElo "1872"]
[PlyCount "107"]
[EventDate "2022.11.05"]
[EventType "swiss"]
[EventRounds "5"]
[EventCountry "ENG"]
[SourceTitle "CBM 211 Extra"]
[Source "ChessBase"]
[SourceDate "2023.01.31"]
[SourceVersion "1"]
[SourceVersionDate "2023.01.31"]
[SourceQuality "1"]

1. c4 Nf6 2. Nc3 e6 3. e4 d5 4. e5 d4 5. exf6 dxc3 6. dxc3 Qxd1+ 7. Kxd1 gxf6 8. g3 Nc6 9. Nf3 e5 10. Be3 Bg4 11. Be2 0-0-0+ 12. Ke1 Bg7 13. h3 Be6 14. Rd1 a5 15. b3 f5 16. Ng5 e4 17. Rc1 Rd7 18. f3 exf3 19. Nxf3 Re8 20. Kf2 Ne5 21. Nxe5 Bxe5 22. Rhd1 Rxd1 23. Bxd1 Bf6 24. Bf4 Rd8 25. Be2 b6 26. h4 a4 27. Ke3 axb3 28. axb3 Kb7 29. Bg5 Re8 30. Kf4 Bg7 31. Kf3 Bd7 32. Kf2 Be6 33. Bf3+ c6 34. Be3 Rd8 35. Ke2 Re8 36. Kd2 Bd7 37. Bf4 Be6 38. Kc2 Bf8 39. Rd1 Be7 40. Bd6 Bf6 41. Bf4 Bd8 42. Rd6 Ka7 43. Bxc6 Bc7 44. Bxe8 Bxd6 45. Bxd6 h5 46. Bc6 Ka6 47. Bf3 b5 48. cxb5+ Kxb5 49. Bxh5 Kc6 50. Bf4 f6 51. Bf3+ Kb5 52. c4+ Kc5 53. Kc3 Kb6 54. h5 1-0

[Event "Daventry 4NCL Easter op-A 2nd"]
[Site "Daventry"]
[Date "2022.04.16"]
[Round "3"]
[White "Gordon, Sean"]
[Black "Handley, Michael R"]
[Result "1/2-1/2"]
[WhiteElo "1778"]
[BlackElo "1982"]
[PlyCount "47"]
[EventDate "2022.04.15"]
[EventType "swiss"]
[EventRounds "7"]
[EventCountry "ENG"]
[SourceTitle "CBM 207 Extra"]
[Source "ChessBase"]
[SourceDate "2022.05.31"]
[SourceVersion "1"]
[SourceVersionDate "2022.05.31"]
[SourceQuality "1"]

1. e4 e6 2. d4 d5 3. Nc3 Bb4 4. e5 c5 5. Bd2 Nh6 6. a3 Bxc3 7. Bxc3 cxd4 8. Bxd4 Nc6 9. c3 Nf5 10. Bb5 Bd7 11. Bxc6 Bxc6 12. Ne2 Bb5 13. 0-0 Bxe2 14. Qxe2 Nxd4 15. cxd4 Qb6 16. Rac1 0-0 17. Qd2 Rac8 18. Rc3 Rc4 19. Rxc4 dxc4 20. Qc3 Rc8 21. Rd1 Qb3 22. Rd2 Qb5 23. h3 h6 24. Kh2 1/2-1/2

[Event "British Universities-ch"]
[Site "Chess.com INT"]
[Date "2022.03.05"]
[Round "4.1"]
[White "Bott, Simeon"]
[Black "Gordon, Sean"]
[Result "1-0"]
[WhiteElo "1749"]
[BlackElo "1778"]
[PlyCount "125"]
[EventDate "2022.03.05"]
[EventType "swiss"]
[EventRounds "9"]
[EventCountry "ENG"]
[SourceTitle "EXT 2023"]
[Source "ChessBase"]
[SourceDate "2022.10.05"]
[SourceVersion "1"]
[SourceVersionDate "2022.10.05"]
[SourceQuality "1"]
[WhiteTeam "Warwick (Knights) VII"]
[BlackTeam "Brunel"]
[WhiteTeamCountry "ENG"]
[BlackTeamCountry "ENG"]

1. d4 Nf6 2. c4 g6 3. Nc3 d5 4. cxd5 Nxd5 5. e4 Nxc3 6. bxc3 Bg7 7. Nf3 c5 8. Be3 Qa5 9. Qd2 cxd4 10. cxd4 Qxd2+ 11. Nxd2 Nc6 12. Nb3 0-0 13. Rc1 e6 14. Be2 Rd8 15. Rc4 Nb8 16. 0-0 b6 17. Rfc1 Ba6 18. R4c2 Bxe2 19. Rxe2 Na6 20. Rec2 Kf8 21. Kf1 Ke8 22. Bg5 f6 23. Bh4 g5 24. Bg3 h5 25. h3 Bf8 26. Rc6 Kd7 27. d5 exd5 28. exd5 Be7 29. d6 Bf8 30. Nd4 Rdc8 31. Rxc8 Rxc8 32. Rxc8 Kxc8 33. Nb5 Kd7 34. Ke2 Nc5 35. Nxa7 Bxd6 36. Bxd6 Kxd6 37. Nc8+ Kc7 38. Ne7 Ne4 39. Nd5+ Kc6 40. Ne7+ Kc5 41. Ng8 Nc3+ 42. Kd3 Nxa2 43. Nxf6 Nb4+ 44. Kd2 h4 45. Ne4+ Kd4 46. Nxg5 b5 47. Nf3+ Kc4 48. Nxh4 Nd5 49. g4 b4 50. Kc2 b3+ 51. Kb2 Nf4 52. Nf3 Nxh3 53. g5 Nf4 54. Ne5+ Kd5 55. g6 Nxg6 56. Nxg6 Ke4 57. Nh4 Kf4 58. Kxb3 Kg4 59. Kc3 Kxh4 60. Kd3 Kg5 61. Ke4 Kf6 62. Kf4 Ke6 63. Kg5 1-0

[Event "British Universities-ch"]
[Site "Chess.com INT"]
[Date "2022.03.05"]
[Round "6.1"]
[White "Gordon, Sean"]
[Black "De la Cruz Loredo, Ivan"]
[Result "1/2-1/2"]
[WhiteElo "1778"]
[BlackElo "2053"]
[PlyCount "131"]
[EventDate "2022.03.05"]
[EventType "swiss"]
[EventRounds "9"]
[EventCountry "ENG"]
[SourceTitle "EXT 2023"]
[Source "ChessBase"]
[SourceDate "2022.10.05"]
[SourceVersion "1"]
[SourceVersionDate "2022.10.05"]
[SourceQuality "1"]
[WhiteTeam "Brunel"]
[BlackTeam "Cardiff II"]
[WhiteTeamCountry "ENG"]
[BlackTeamCountry "WLS"]

1. e4 Nc6 2. d4 d5 3. e5 Bf5 4. Nf3 e6 5. Bd3 Nge7 6. 0-0 Bg4 7. c3 Qd7 8. a4 Ng6 9. a5 a6 10. h3 Bxf3 11. Qxf3 Be7 12. g3 0-0 13. Qg2 f5 14. f4 Nd8 15. Nd2 c5 16. Nf3 Nc6 17. h4 cxd4 18. Nxd4 Bc5 19. Be3 Nxd4 20. Bxd4 Rfc8 21. Qf2 Qe7 22. Rfc1 Nf8 23. c4 Bxd4 24. Qxd4 Qb4 25. Qc3 Qc5+ 26. Kg2 Qc6 27. Kh2 Rd8 28. b4 dxc4 29. Qxc4 Qf3 30. Be2 Qf2+ 31. Kh3 Rd2 32. Rc2 Rad8 33. Raa2 Qe1 34. Bf1 Rd1 35. Kg2 R8d2+ 36. Rxd2 Rxd2+ 37. Rxd2 Qxd2+ 38. Be2 h6 39. Kf2 Kf7 40. Qc7+ Qd7 41. Qxd7+ Nxd7 42. Ke3 g5 43. Bf3 b6 44. Bc6 Nb8 45. Ba4 b5 46. Bb3 Nc6 47. fxg5 hxg5 48. hxg5 Nxb4 49. g6+ Kxg6 50. Bxe6 Nc6 51. Bc8 Nxe5 52. Bxa6 Nc4+ 53. Kf4 Nxa5 54. Bxb5 Nb7 55. Bd3 Nd6 56. g4 Kf6 57. Bxf5 Nxf5 58. gxf5 Kf7 59. Kg5 Kg7 60. f6+ Kf7 61. Kf5 Kf8 62. Kf4 Kf7 63. Kf5 Kf8 64. Ke6 Ke8 65. f7+ Kf8 66. Kf6 1/2-1/2